| 000 | 00553nam a2200229Ia 4500 | ||
|---|---|---|---|
| 003 | OSt | ||
| 005 | 20221005123535.0 | ||
| 006 | a|||||r|||| 00| 0 | ||
| 007 | ta | ||
| 008 | 221004b |||||||| |||| 00| 0 eng d | ||
| 024 | _a40674 | ||
| 037 | _cTextual | ||
| 040 |
_aCRL _cCRL _beng |
||
| 041 |
_2eng _aeng |
||
| 082 | _aO:90U, D7 | ||
| 100 |
_aSharp William _954508 |
||
| 245 | 0 | _aLiterary geography | |
| 260 | _c1907 | ||
| 650 | _aENGLISH LITERATURE | ||
| 942 |
_hO:90U, D7 _cTEXL _2cc |
||
| 999 |
_c1047734 _d1047734 |
||